Jan van Eyck's Arnolfini portrait : stories of an icon (Record no. 222612)

MARC details
000 -LEADER
fixed length control field 00572nam a2200193Ia 4500
008 - FIXED-LENGTH DATA ELEMENTS--GENERAL INFORMATION
fixed length control field 191130s1993##################000#0#eng##
020 ## - INTERNATIONAL STANDARD BOOK NUMBER
ISBN 9780521484879
082 ## - DEWEY DECIMAL CLASSIFICATION NUMBER
Classification number 759.9493 SEI
100 ## - MAIN ENTRY--AUTHOR NAME
Personal name Seidel, Linda
245 ## - TITLE STATEMENT
Title Jan van Eyck's Arnolfini portrait : stories of an icon
Statement of responsibility, etc Linda Seidel
260 ## - PUBLICATION, DISTRIBUTION, ETC. (IMPRINT)
Place of publication Cambridge
Name of publisher Cambridge University Press
Year of publication 1993
300 ## - PHYSICAL DESCRIPTION
Number of Pages xv, 308 p. : ill. ; 25 cm
500 ## - GENERAL NOTE
General note Includes Index
650 ## - SUBJECT ADDED ENTRY--TOPICAL TERM
Topical Term Arnolfini portrait
991 ## -
-- 427095
Holdings
Withdrawn status Lost status Damaged status Not for loan Home library Current library Shelving location Date acquired Full call number Accession Number Price effective from Koha item type
        Anna Centenary Library Anna Centenary Library 6TH FLOOR, B WING 13.10.2020 759.9493 SEI 103007 13.10.2020 English Books

Find us on the map